000 00753cab a2200217 4500
001 ABS37592
008 090401t1987 xxu||||| |||| 00| 0 eng d
035 _a(Sirsi) u5425
041 _aeng
100 _aSheehan, A.M.
245 _aGood for 30 more years
260 _c1987
350 _a0
490 _aBuilding Trades Journal
_v193(5702) 23 April 1987, 25(1)
520 _aLooks at problems in the refurbishment of a 22-year old tower block in Tower Hamlets London Borough. This included repairing concrete, inserting missing dowels and replacing wall ties, re-roofing, securing the entrance and redecoration of common parts.
650 _aFLATS
650 _aREPAIRS
690 _aRefurbishment
_96264
942 _n0
948 _c04/03/1997
999 _c3226
_d3226